000 00700cam a2200229 4500
001 D2303
008 090401t1966 xxu||||| |||| 00| 0 eng d
035 _a(Sirsi) u68521
041 _aeng
050 _a692.30968
110 _aThe Chapter of South African Quantity Surveyors
_92111
245 _aStandard system of measuring builders` work in South Africa.
260 _aJohannesburg
_bThe Chapter of South African Quantity Su
_c1966
300 _a48p. 33cm
350 _a0
520 _aFiled at SMM 1966/2BC
650 _aMeasurement
_96256
650 _aSOUTH AFRICA
650 _aBUILT ENVIRONMENT-QUANTITY SURVEYING-STANDARD METHOD OF MEASURMENT
942 _n0
948 _c04/03/1997
999 _c95116
_d95116